Beaurepaire, Pierre-Yves, 1715-1789. La France des Lumières, Paris, Gallimard, « Folio Histoire », 2022 (notice n° 1923468)
[ vue normale ]
| 000 -LEADER | |
|---|---|
| fixed length control field | 02192cam a2200181 4500500 |
| 005 - DATE AND TIME OF LATEST TRANSACTION | |
| control field | 20260329022917.0 |
| 041 ## - LANGUAGE CODE | |
| Language code of text/sound track or separate title | fre |
| 042 ## - AUTHENTICATION CODE | |
| Authentication code | dc |
| 100 10 - MAIN ENTRY--PERSONAL NAME | |
| Personal name | Michaud, Claude |
| Relator term | author |
| 245 00 - TITLE STATEMENT | |
| Title | Beaurepaire, Pierre-Yves, 1715-1789. La France des Lumières, Paris, Gallimard, « Folio Histoire », 2022 |
| 260 ## - PUBLICATION, DISTRIBUTION, ETC. | |
| Date of publication, distribution, etc. | 2023.<br/> |
| 500 ## - GENERAL NOTE | |
| General note | 96 |
| 520 ## - SUMMARY, ETC. | |
| Summary, etc. | Lancé en 2018, Digital d’Holbach est un projet international visant à réaliser une édition critique née-numérique des œuvres du baron d’Holbach. Cet article fait le point sur les principaux accomplissements de notre équipe (la publication, notamment, de la base de données Tout d’Holbach) tout en réfléchissant aux défis posés par le corpus holbachique ainsi qu’à l’apport possible de notre édition à l’étude de la pensée du baron et des Lumières radicales plus en général. |
| 520 ## - SUMMARY, ETC. | |
| Summary, etc. | Launched in 2018 Digital d’Holbach is an international project aimed at producing a digital critical edition of the works of baron d’Holbach. This article takes stock of the principal achievements of our team (the publication notably of a database, Tout d’Holbach, a database that brings together accurate transcriptions of the vast majority of d’Holbach’s writings) while reflecting on the challenges posed by d’Holbach’s textual corpus and the contribution of our edition towards the study of the baron’s thought and more widely to the radical Enlightenment. |
| 520 ## - SUMMARY, ETC. | |
| Summary, etc. | Iniciada en 2018, Digital d’Holbach es un proyecto que procura realizar una edición crítica numérica de las obras del barón d’Holbach. Este artículo propone una síntesis sobre las principales realizaciones de nuestro equipo (la publicación, entre otras cosas, de la base de datos, Tout d’Holbach) y reflexiona asimismo sobre los retos que supone el corpus de textos de Holbach y la aportación posible de nuestra edición para el estudio del pensamiento del barón y de las Luces radicales de manera más global. |
| 786 0# - DATA SOURCE ENTRY | |
| Note | Dix-huitième siècle | 55 | 1 | 2023-05-09 | p. 622-623 | 0070-6760 |
| 856 41 - ELECTRONIC LOCATION AND ACCESS | |
| Uniform Resource Identifier | <a href="https://shs.cairn.info/revue-dix-huitieme-siecle-2023-1-page-622?lang=fr&redirect-ssocas=7080">https://shs.cairn.info/revue-dix-huitieme-siecle-2023-1-page-622?lang=fr&redirect-ssocas=7080</a> |
Pas d'exemplaire disponible.




Réseaux sociaux